000 00440nam a2200181Ia 4500
005 20240802102705.0
008 131103s9999 xx 000 0 und d
040 _aLoreto College
041 _aEnglish
082 _a822.07
_bALI
100 _aAlington, A F
245 _aDrama and education
_cA F Alington
260 _aOxford
_bBasil Blackwell
_c1961
300 _a105p.
650 _aEnhlish drama
850 _aLCBED
942 _cBK
999 _c29870
_d80349